| 000 | 01288nam a2200325 c 4500 | ||
|---|---|---|---|
| 001 | 10092 | ||
| 003 | ES-MaCES | ||
| 005 | 20150929135422.0 | ||
| 008 | 000118s1998 fr o100 | fre d | ||
| 035 | _aCES20000000819m | ||
| 040 |
_aES-MaCES _bspa _cES-MaCES |
||
| 100 | 1 |
_aBarber, Lionel _97060 |
|
| 245 | 1 | 3 |
_aLe Royaume-Uni dans l'Europe de demain _cLionel Barber ; en collaboration avec le Centre for European Reform |
| 260 |
_aParis _bGroupement d'études et de recherches "Notre Europe" _c1998 |
||
| 300 |
_a66 p. _c30 cm |
||
| 490 | 0 |
_aEtudes et recherches _v4 |
|
| 500 | _aTít. tomado de la cub. | ||
| 500 | _aTexte initialement publié par le Centre for European Reform en janvier 1998, puis mis à jour par Lionel Barber et publié par Notre Europe en avril 1998 | ||
| 541 | _cGratuito | ||
| 650 | 4 |
_aunión monetaria _928170 |
|
| 650 | 4 |
_apolítica comunitaria _930776 |
|
| 650 | 4 |
_aReino Unido _926967 |
|
| 653 | 1 | 0 | _aMercado Único Europeo |
| 650 | 4 |
_926752 _aUE |
|
| 710 | 2 |
_aGroupement d'études et de recherches "Notre Europe" _eed. _93978 |
|
| 830 | 0 |
_aEtudes et recherches (Groupement d'études et de recherches "Notre Europe") _v4 _933381 |
|
| 902 | _aDOC Literatura gris | ||
| 942 |
_2CES _cBK _h1.0. |
||
| 999 |
_c10092 _d10092 |
||